000 00555nam a2200217Ia 4500
003 OSt
005 20221005113626.0
006 a|||||r|||| 00| 0
007 ta
008 221004b |||||||| |||| 00| 0 mar d
024 _a46158
037 _cTextual
040 _aCRL
_cCRL
_bmar
041 _2mar
_amar
082 _aO155,2N141,3, J2
100 _aJoshi Nagesh
_9624659
245 0 _aAantar paat
650 _aMARATHI LITERATURE
_938000
942 _hO155,2N141,3, J2
_cTEXL
_2cc
999 _c1028789
_d1028789